Datum a čas kvízu
33.5
Celkem bodů
Celkový počet nahraných bodů na tomto kvízu bez doplňovacích otázek.
5.
Pořadí na kvízu
Konečné umístění týmu na tomto kvízu.
Zaznamenané odpovědi
| # | Otázka | Odpověď | Body | Výsledky |
|---|---|---|---|---|
| 1. | Na politickou scénu se vracejí... | Taťána Malá; spravedlnost | 1 | |
| 2. | K půlročnímu vězení odsoudil n... | líbali se | 0 | |
| 3. | Minulý týden proběhl pařížský... | Heidi Klum | 0 | |
| 4. | Minulý týden jsme se dozvěděli... | Venezuela | 0 | |
| 5. | Hokejová extraliga zažila v mi... | HC Sparta Praha, HC Dynamo Pardubice | 1 | |
| 6. | Rozdělení Římské říše v roce 3... | 476 (Západořímská) a 1453 (Východořímská) | 0 | |
| 7. | Ve 14. století Evropu sevřela... | D | 1 | |
| 8. | Podepsání Mnichovské dohody by... | appeasement (politika appeasementu) | 0 | |
| 9. | Jak se jednoslovně nazývá tent... | Watergate | 0 | |
| 10. | Jak moc velkou chybou byl či n... | A | 1 |